[Event "Ruhrgebiet VK2 1112"]
[Site "Nordrheinwestfalen"]
[Date "2012.01.08"]
[Round "5.8"]
[White "Fuchs, Karl Heinz"]
[Black "Dreesbach, Harald"]
[Result "1/2-1/2"]
[WhiteElo "1725"]
[BlackElo "1731"]
[PlyCount "42"]
[EventDate "2012.09.18"]
[EventType "team-tourn"]
[EventRounds "9"]
[EventCountry "GER"]
[SourceTitle "EXT 2020"]
[Source "ChessBase"]
[SourceDate "2019.10.17"]
[SourceVersion "1"]
[SourceVersionDate "2019.10.17"]
[SourceQuality "1"]
[WhiteTeam "Altenessen"]
[BlackTeam "Ahlen SV II"]
[WhiteTeamCountry "GER"]
[BlackTeamCountry "GER"]

1. e4 c5 2. Nf3 e6 3. c3 a6 4. d4 cxd4 5. Nxd4 Qc7 6. Be2 Nf6 7. Qd3 b5 8. 0-0 Bb7 9. Bf3 d6 10. Be3 Nbd7 11. Nd2 Ne5 12. Qe2 Rc8 13. Rfc1 Be7 14. Bf4 Nfd7 15. Bg3 Nc5 16. Bxe5 dxe5 17. N4b3 0-0 18. Nxc5 Bxc5 19. b4 Be7 20. c4 Bxb4 21. cxb5 Qa5 1/2-1/2

[Event "Ruhrgebiet VK2 0910"]
[Site "Ruhrgebiet"]
[Date "2010.02.07"]
[Round "6.8"]
[White "Schmidt, Martin"]
[Black "Fuchs, Karl Heinz"]
[Result "1-0"]
[WhiteElo "1402"]
[BlackElo "1808"]
[PlyCount "95"]
[EventDate "2009.09.06"]
[EventType "team"]
[EventRounds "9"]
[EventCountry "GER"]
[SourceTitle "EXT 2011"]
[Source "ChessBase"]
[SourceDate "2010.11.26"]
[SourceVersion "1"]
[SourceVersionDate "2010.11.26"]
[SourceQuality "1"]
[WhiteTeam "Unser Fritz"]
[BlackTeam "Altenessen"]
[WhiteTeamCountry "GER"]
[BlackTeamCountry "GER"]

1. e4 Nf6 2. e5 Nd5 3. c4 Nb6 4. d4 d6 5. f4 dxe5 6. fxe5 Nc6 7. Be3 Bf5 8. Be2 Qd7 9. Nf3 e6 10. a3 a5 11. 0-0 Be7 12. Nc3 Rd8 13. h3 h6 14. Qd2 Bg5 15. Bxg5 hxg5 16. Qxg5 Nxd4 17. Qxg7 Nxe2+ 18. Nxe2 Rh7 19. Qg8+ Ke7 20. Qg5+ Kf8 21. b3 Bxh3 22. Ng3 Bf5 23. Nxf5 exf5 24. Rad1 Qxd1 25. Rxd1 Rxd1+ 26. Kf2 Rb1 27. Qxf5 Rb2+ 28. Kg1 Rh6 29. Ng5 f6 30. Nh7+ Rxh7 31. Qxh7 fxe5 32. Qh8+ Kf7 33. Qxe5 Rxb3 34. Qxc7+ Ke6 35. Qxb7 Kd6 36. Qg7 Kc5 37. Qc7+ Kd4 38. c5 Nc4 39. c6 Kc5 40. Qd7 Nb6 41. Qb7 Kd6 42. c7 a4 43. Qxb6+ Rxb6 44. c8Q Kd5 45. Qa8+ Kc4 46. Qxa4+ Kd3 47. Qd1+ Ke4 48. Qf3+ 1-0

[Event "Ruhrgebiet VK2 0708"]
[Site "Germany"]
[Date "2007.12.09"]
[Round "4.5"]
[White "Fuchs, Karl Heinz"]
[Black "Zimmermann, Dirk"]
[Result "1/2-1/2"]
[WhiteElo "1799"]
[BlackElo "2111"]
[PlyCount "72"]
[EventDate "2007.09.16"]
[EventType "team"]
[EventRounds "9"]
[EventCountry "GER"]
[SourceTitle "EXT 2009"]
[Source "ChessBase"]
[SourceDate "2008.11.26"]
[SourceVersion "1"]
[SourceVersionDate "2008.11.26"]
[SourceQuality "1"]
[WhiteTeam "Altenessen II"]
[BlackTeam "Brambauer II"]
[WhiteTeamCountry "GER"]
[BlackTeamCountry "GER"]

1. e4 d6 2. d4 Nf6 3. Bd3 c6 4. Ne2 e5 5. c3 Be7 6. 0-0 Nbd7 7. f4 Qb6 8. Kh1 0-0 9. Nd2 Re8 10. Nc4 Qc7 11. fxe5 dxe5 12. Ng3 b5 13. Ne3 Bf8 14. Nef5 a6 15. Bg5 Re6 16. Bc2 h6 17. Be3 Nb6 18. dxe5 Nfd7 19. Nd4 Nxe5 20. Nxe6 Bxe6 21. Bf4 c5 22. Qh5 Nbd7 23. Rad1 f6 24. Rxd7 Bxd7 25. Nf5 Be8 26. Qh3 Kh7 27. Ne3 Bf7 28. Qg3 Be6 29. Nd5 Qb8 30. Bxe5 fxe5 31. Qf3 Bd6 32. g4 Ra7 33. g5 Rf7 34. Qg2 Rxf1+ 35. Qxf1 hxg5 36. Bd1 Qf8 1/2-1/2

[Event "Ruhrgebiet VK3 0304"]
[Site "Ruhrgebiet"]
[Date "2004.02.29"]
[Round "7.4"]
[White "Goschin, Andreas"]
[Black "Fuchs, Karl Heinz"]
[Result "1-0"]
[WhiteElo "2098"]
[BlackElo "1811"]
[PlyCount "105"]
[EventDate "2003.09.28"]
[EventType "team"]
[EventRounds "9"]
[EventCountry "GER"]
[SourceTitle "EXT 2007"]
[Source "ChessBase"]
[SourceDate "2006.11.23"]
[SourceVersion "1"]
[SourceVersionDate "2006.11.23"]
[SourceQuality "1"]
[WhiteTeam "Laeufer Ost"]
[BlackTeam "Altenessen II"]
[WhiteTeamCountry "GER"]
[BlackTeamCountry "GER"]

1. e4 d5 2. exd5 Nf6 3. d4 Bg4 4. f3 Bf5 5. Bb5+ c6 6. dxc6 bxc6 7. Bc4 e6 8. Ne2 Bd6 9. Nbc3 Qc7 10. g3 0-0 11. 0-0 Nbd7 12. Kg2 e5 13. Bd3 Bxd3 14. Qxd3 exd4 15. Qxd4 Rfe8 16. Bf4 Ne5 17. Rad1 Rad8 18. Qf2 Nc4 19. Bc1 Qb7 20. b3 Ne5 21. Bg5 c5 22. h3 Be7 23. Rxd8 Rxd8 24. Bxf6 Bxf6 25. Rd1 Rxd1 26. Nxd1 c4 27. Ne3 cxb3 28. axb3 Nc6 29. Nd5 Bd8 30. Qe3 Ne7 31. c4 h6 32. Nef4 Qd7 33. Qd3 Qd6 34. b4 Nc6 35. c5 Qe5 36. Qe2 Qxe2+ 37. Nxe2 a6 38. Nec3 f5 39. Kf2 Kf7 40. Ke3 g5 41. g4 Kg6 42. b5 axb5 43. Nxb5 h5 44. Nd4 f4+ 45. Ke4 hxg4 46. hxg4 Na7 47. Ke5 Kf7 48. Kd6 Ke8 49. c6 Nc8+ 50. Ke6 Ba5 51. c7 Be1 52. Nc6 Bf2 53. Nce7 1-0

[Event "Ruhrgebiet VK3 0304"]
[Site "Ruhrgebiet"]
[Date "2003.11.09"]
[Round "3.5"]
[White "Fuchs, Karl Heinz"]
[Black "Riek, Wolfgang"]
[Result "1-0"]
[WhiteElo "1811"]
[BlackElo "1770"]
[PlyCount "53"]
[EventDate "2003.09.28"]
[EventType "team"]
[EventRounds "9"]
[EventCountry "GER"]
[SourceTitle "EXT 2007"]
[Source "ChessBase"]
[SourceDate "2006.11.23"]
[SourceVersion "1"]
[SourceVersionDate "2006.11.23"]
[SourceQuality "1"]
[WhiteTeam "Altenessen II"]
[BlackTeam "Muelheim Heissen II"]
[WhiteTeamCountry "GER"]
[BlackTeamCountry "GER"]

1. e4 c5 2. Nc3 d6 3. Bc4 Nf6 4. d3 g6 5. f4 e6 6. Nf3 Bg7 7. 0-0 0-0 8. a4 Nc6 9. Bb3 Na5 10. Ba2 Bd7 11. h3 Nc6 12. g4 Nd4 13. Nxd4 cxd4 14. Ne2 h5 15. Ng3 hxg4 16. hxg4 Qc8 17. Bb3 Qc5 18. Qf3 Bc6 19. f5 gxf5 20. gxf5 e5 21. Bg5 Rfc8 22. Bxf6 Bxf6 23. Nh5 Bh8 24. Rf2 Kf8 25. f6 Bd7 26. Ng7 Qa5 27. Qh5 1-0

[Event "Ruhrgebiet VK3 0304"]
[Site "Ruhrgebiet"]
[Date "2003.09.28"]
[Round "1.5"]
[White "Hochstein, Udo"]
[Black "Fuchs, Karl Heinz"]
[Result "1/2-1/2"]
[WhiteElo "1969"]
[BlackElo "1811"]
[PlyCount "45"]
[EventDate "2003.09.28"]
[EventType "team"]
[EventRounds "9"]
[EventCountry "GER"]
[SourceTitle "EXT 2007"]
[Source "ChessBase"]
[SourceDate "2006.11.23"]
[SourceVersion "1"]
[SourceVersionDate "2006.11.23"]
[SourceQuality "1"]
[WhiteTeam "Linden"]
[BlackTeam "Altenessen II"]
[WhiteTeamCountry "GER"]
[BlackTeamCountry "GER"]

1. d4 f5 2. g3 Nf6 3. Bg2 g6 4. Nh3 Bg7 5. Nf4 Nc6 6. d5 Ne5 7. h4 Nf7 8. 0-0 0-0 9. Nc3 e5 10. dxe6 dxe6 11. e4 e5 12. Qxd8 Rxd8 13. Nd3 c6 14. Re1 fxe4 15. Nxe4 Nxe4 16. Bxe4 Bf5 17. Nc5 Bc8 18. Bg2 Rb8 19. Be3 b6 20. Ne4 Bf5 21. Rad1 Rxd1 22. Rxd1 Rd8 23. Rxd8+ 1/2-1/2